000 00473nam a2200133 4500
999 _c11372
_d11372
008 181117b ||||| |||| 00| 0 eng d
082 _aDPer 050 T48 Apr-June 2016 v. 187, n. 12-24.
100 _aJohn, Tara.
_937305
245 _aSaudi Arabia's attempt to break its addiction to oil/
_bJohn Tara.
260 _aHong Kong;
_bTime Asia,
_cc2016.
300 _av187 n14, page 7:
_billustrations;
_c27 cm.
650 0 _932643
_aPetroleum industry
_zSaudi Arabia.
942 _2ddc
_cPER